[Event "30th Open"]
[Site "San Sebastian ESP"]
[Date "2007.04.01"]
[Round "1"]
[White "Petrov,Marij"]
[Black "Diaz Herrero,A"]
[Result "1-0"]
[WhiteElo "2472"]
[BlackElo "1918"]

1.e4 c5 2.Nf3 e6 3.d4 cxd4 4.Nxd4 a6 5.Bd3 Bc5 6.Nb3 Be7 7.O-O d6 8.f4 Nd7
9.a4 b6 10.Nd4 Qc7 11.Qe2 Bb7 12.Nc3 Ngf6 13.Bd2 g6 14.Rae1 e5 15.Nf3 h5
16.Ng5 exf4 17.Bxf4 Ne5 18.Bxe5 dxe5 19.Nd5 Nxd5 20.exd5 O-O 21.Qxe5 Bd6
22.Qf6 Bxd5 23.c4 Bxh2+ 24.Kh1 Bxg2+ 25.Kxg2 Qg3+ 26.Kh1 Qh4 27.Nxf7 Qxf6
28.Rxf6 Rxf7 29.Rxg6+ Kf8 30.Kxh2 Rd8 31.Re3 Rf2+ 32.Rg2 Rf4 33.Rg5 Rf2+
34.Kg3 Rxb2 35.Rf3+ Ke7 36.Re5+ Kd6 37.Rd5+ Kc7 38.Rf7+  1-0

[Event "LIII Mexican Open"]
[Site "Aguascalientes MEX"]
[Date "2007.04.05"]
[Round "4"]
[White "Hernandez,Ed"]
[Black "Zapata,Alo"]
[Result "0-1"]
[WhiteElo "2350"]
[BlackElo "2471"]

1.e4 c5 2.Nf3 e6 3.d4 cxd4 4.Nxd4 a6 5.Bd3 Nf6 6.O-O Qc7 7.c4 Nc6 8.Nxc6 dxc6
9.f4 e5 10.f5 Bc5+ 11.Kh1 a5 12.Nc3 b6 13.Qf3 Bb7 14.Be3 Nd7 15.f6 Nxf6 16.Bxc5 bxc5
17.Be2 Qe7 18.Qg3 O-O 19.Rf5 Rae8 20.Raf1 Kh8 21.Rg5 g6 22.Qe3 Bc8 23.Rg3 Rd8
24.Na4 Kg7 25.Nb6 Ng8 26.Qa3 Rd4 27.Bf3 Be6 28.b3 Rb8 29.Na4 Rb4 30.Nc3 Qd8
31.Qc1 h6 32.Be2 Nf6 33.Qc2 Rb7 34.Qc1 Nxe4 35.Nxe4 Rxe4 36.Bf3 Rf4 37.Bxc6 Rc7
38.Bb5 Rd4 39.Qe3 Qd6 40.Qe1 Ra7 41.Re3 f6 42.Qg3 Re7 43.Qe1 Qc7 44.h3 Bc8
45.Re4 Bb7 46.Rh4 Qd6 47.Qg3 Rxh4 48.Qxh4 e4 49.Qg4 e3 50.Rd1 f5 51.Qe2 Qe5
52.Rd3 f4 53.Bd7 h5 54.h4 f3  0-1

[Event "30th Open"]
[Site "San Sebastian ESP"]
[Date "2007.04.05"]
[Round "5"]
[White "Tejedor Txapartegui,N"]
[Black "Larranaga Aldalur,J"]
[Result "1/2-1/2"]
[WhiteElo "2095"]
[BlackElo "1901"]

1.e4 c5 2.Nf3 e6 3.d4 cxd4 4.Nxd4 a6 5.Bd3 Bc5 6.Nb3 Ba7 7.O-O d6 8.Kh1 Nf6
9.Nc3 b5 10.e5 dxe5 11.Qf3 Nd5 12.Be4 Bb7 13.Rd1 Nd7 14.Nxd5 exd5 15.Bxd5 Bxd5
16.Qxd5 Rc8 17.Na5 Qc7 18.Nb7 Bb8 19.Nd6+ Qxd6 20.Qxd6 Bxd6 21.Rxd6 Ke7 22.Rd2 Rc6
23.Re2 Rhc8 24.c3 Ke6 25.Bd2 f5 26.Rae1 Kf6 27.f3 Rd6 28.Be3 Rd5 29.Kg1 Rc6
30.Rd2 Rxd2 31.Bxd2 Rd6 32.Be3 f4 33.Bc1 h5 34.Kf1 g5 35.Ke2 Kf5 36.b3 Nf6
37.Ba3 Rd7 38.c4 bxc4 39.bxc4 e4 40.fxe4+ Nxe4 41.Bb4 Rb7 42.a3 Nf6 43.h3 a5
44.Bxa5 Rb2+ 45.Kf1 Rc2 46.Bc7 Ne4 47.Rd1 Nd2+ 48.Ke1 Nxc4 49.Rd5+ Kg6 50.Rc5 Nxa3
51.Rxc2 Nxc2+ 52.Kf2 Kf5 53.g3 fxg3+ 54.Kxg3 Nd4 55.Bb8 Ke4 56.Bc7 Ne6 57.Bd6 Ng7
58.Bc7 Nf5+ 59.Kg2 Nh4+ 60.Kg3  1/2-1/2

[Event "LIII Mexican Open"]
[Site "Aguascalientes MEX"]
[Date "2007.04.07"]
[Round "7"]
[White "Quinones Centeno,C"]
[Black "Ortiz,Na"]
[Result "1-0"]
[WhiteElo "2152"]
[BlackElo "2291"]

1.e4 c5 2.Nf3 e6 3.d4 cxd4 4.Nxd4 a6 5.Bd3 g6 6.Bd2 Bg7 7.Bc3 d5 8.Nb3 e5
9.exd5 Qxd5 10.O-O Ne7 11.N1d2 O-O 12.Qe2 Nbc6 13.Nc4 Rb8 14.Rfe1 f6 15.Nb6 Qd8
16.Nxc8 Qxc8 17.Bc4+ Kh8 18.Nc5 b5 19.Be6 Qe8 20.Nd7 b4 21.Nxb8 Qxb8 22.Bd2 Nd4
23.Qc4 a5 24.Be3 f5 25.Rad1 Qb6 26.Bxd4 exd4 27.Bd7 Bf6 28.Re6 Qb7 29.Qa6 Qxd7
30.Rxf6 Rc8 31.Rf7 Qc6 32.Qe2 Ng8  1-0

[Event "45th Doeberl Cup"]
[Site "Canberra AUS"]
[Date "2007.04.07"]
[Round "3"]
[White "Ly,M"]
[Black "Ikeda,J"]
[Result "1/2-1/2"]
[WhiteElo "2307"]
[BlackElo "2154"]

1.e4 c5 2.Nf3 e6 3.d4 cxd4 4.Nxd4 a6 5.Bd3 Nc6 6.Nxc6 dxc6 7.O-O e5 8.f4 Bc5+
9.Kh1 Nf6 10.Qf3 Qe7 11.Be3 Bxe3 12.Qxe3 Ng4 13.Qg3 exf4 14.Qxf4 g5 15.Qg3 h5
16.Bc4 Ne5 17.Qc3 Rh7 18.Nd2 h4 19.Nf3 Nxc4 20.Qxc4 Be6 21.Qd4 f6 22.Qb6 h3
23.g3 Bg4 24.Rae1 Rf7 25.Nd4 Kf8 26.Kg1 Re8 27.Nf5 Bxf5 28.Rxf5 Qd6 29.Qf2 Re5
30.Rf3 Kg7 31.b3 Rfe7 32.Rf1 R7e6 33.Rd3 Qe7 34.Qd2 Qc5+ 35.Qe3 Qxc2 36.Qf3 Qc5+
37.Kh1 Rxe4 38.Rd7+ Kg6 39.g4 Rf4 40.Qd3+ f5 41.Qxh3 Rxf1+ 42.Qxf1 Rf6 43.Qh3 Qc1+
44.Kg2 Qf1+ 45.Kxf1 fxg4+ 46.Kg2 gxh3+ 47.Kxh3 Rf7 48.Rd2 a5 49.Kg3 b6 50.Rd6+ Rf6
51.Rd3 Kf5 52.Rf3+ Ke5 53.Rc3 Ke4 54.h3 Kd4 55.Rc1 Rg6 56.Kg4 Kd5 57.Rf1 Kc5
58.Rc1+ Kb5 59.Rc4 Rh6 60.a4+ Ka6 61.Rc3 Rg6 62.Kf5 Rd6 63.Kxg5  1/2-1/2

[Event "19th Kreuz Open"]
[Site "Lenk SUI"]
[Date "2007.04.07"]
[Round "4"]
[White "Hoffmann,Mi1"]
[Black "Erdelyi,T"]
[Result "1-0"]
[WhiteElo "2473"]
[BlackElo "2207"]

1.e4 c5 2.Nf3 e6 3.d4 cxd4 4.Nxd4 a6 5.Bd3 Bc5 6.Nb3 Be7 7.Be3 d6 8.N1d2 b6
9.f4 Qc7 10.Qg4 g6 11.f5 Nf6 12.Qh3 gxf5 13.exf5 e5 14.g4 Bb7 15.Rg1 Nbd7
16.c4 Nc5 17.Nxc5 dxc5 18.g5 Nd7 19.f6 Bf8 20.g6 fxg6 21.Qe6+ Kd8 22.Be4 Ra7
23.Bxb7 Rxb7 24.Ne4 Kc8 25.O-O-O Kb8 26.Rd3 Ka7 27.Rgd1 Nb8 28.Rd5 h5 29.Qxe5 Qc6
30.Rd8 Qa4 31.f7 Qxc4+ 32.Nc3  1-0

[Event "45th Doeberl Cup"]
[Site "Canberra AUS"]
[Date "2007.04.08"]
[Round "5"]
[White "Bakre,T"]
[Black "Ikeda,J"]
[Result "0-1"]
[WhiteElo "2426"]
[BlackElo "2154"]

1.e4 c5 2.Nf3 e6 3.d4 cxd4 4.Nxd4 a6 5.Bd3 Nc6 6.Nb3 Nf6 7.Nc3 b5 8.f4 d6
9.Qf3 Qc7 10.Be3 Bb7 11.O-O-O Be7 12.g4 Nd7 13.g5 Nc5 14.Kb1 Rc8 15.h4 Nb4
16.h5 Nbxd3 17.cxd3 b4 18.Ne2 Nxd3 19.Bd4 Qc2+ 20.Ka1 Nc5 21.Ng3 Nxb3+ 22.axb3 e5
23.Rc1 Qxc1+ 24.Rxc1 Rxc1+ 25.Ka2 exd4 26.Nf5 g6 27.Nxe7 Kxe7 28.Qd3 Rhc8
29.Qxd4 R8c5 30.Qxb4 Rb5 31.Qd2 Rd1 32.Qc3 Rc1 33.Qd2 Bxe4 34.b4 Rc4 35.hxg6 hxg6
36.f5 Rcxb4 37.f6+ Kd7 38.b3 Rxb3 39.Qd4 Bb1+  0-1

[Event "5th Arab Cities"]
[Site "Beirut LBN"]
[Date "2007.04.10"]
[Round "3"]
[White "Al Zendani,Z"]
[Black "Zozek,S"]
[Result "1-0"]
[WhiteElo "2387"]
[BlackElo "2204"]

1.e4 c5 2.Nf3 e6 3.d4 cxd4 4.Nxd4 a6 5.Bd3 Nc6 6.Nxc6 bxc6 7.O-O d5 8.e5 Ne7
9.Nd2 Ng6 10.f4 Be7 11.Qh5 a5 12.Nf3 Ba6 13.g4 Qc7 14.Bxa6 Qb6+ 15.Kh1 Qxa6
16.Bd2 Qc4 17.f5 Nf8 18.Bg5 g6 19.fxg6 Nxg6 20.Bxe7 Kxe7 21.Qg5+ Kd7 22.Nd2 Qc5
23.Rxf7+ Ne7 24.b4 Qxb4 25.a3  1-0

[Event "1st Archil Ebralidze Mem"]
[Site "Tbilisi GEO"]
[Date "2007.04.10"]
[Round "9"]
[White "Aroshidze,L"]
[Black "Chibukhchian,A"]
[Result "1/2-1/2"]
[WhiteElo "2500"]
[BlackElo "2419"]

1.e4 c5 2.Nf3 e6 3.d4 cxd4 4.Nxd4 a6 5.Bd3 Nf6 6.O-O d6 7.c4 Nbd7 8.Nc3 b6
9.Qe2 Bb7 10.f4 g6 11.e5 dxe5 12.fxe5 Bc5 13.exf6 Bxd4+ 14.Be3 Bxf6 15.Be4 Bxe4
16.Nxe4 Be5  1/2-1/2

[Event "Reykjavik International"]
[Site "Reykjavik ISL"]
[Date "2007.04.12"]
[Round "2"]
[White "Meijers,V"]
[Black "Bjornsson,T"]
[Result "1-0"]
[WhiteElo "2485"]
[BlackElo "2204"]

1.e4 c5 2.Nf3 e6 3.d4 cxd4 4.Nxd4 a6 5.Bd3 Bc5 6.Nb3 Ba7 7.Qe2 d6 8.Be3 Bxe3
9.Qxe3 Nf6 10.O-O Qc7 11.c4 Nbd7 12.N1d2 O-O 13.h3 b6 14.Rac1 Bb7 15.Bb1 e5
16.Rfd1 Nc5 17.Bd3 Rfd8 18.f3 Nh5 19.Bf1 Nf4 20.Nb1 Nfe6 21.N3d2 a5 22.Nc3 Bc6
23.b3 Nd4 24.Ne2 Nce6 25.Nb1 Nxe2+ 26.Qxe2 Qb7 27.Nc3 Nd4 28.Qb2 a4 29.b4 a3
30.Qb1 b5 31.cxb5 Bxb5 32.Bxb5 Nxb5 33.Nd5 h6 34.Rc4 Qa7+ 35.Kh2 Rab8 36.Qd3 Rd7
37.Rdc1 Rdb7 38.Qd2 Kh7 39.f4 Nd4 40.f5 Qa4 41.h4 Qe8 42.h5 Qd8 43.Kh3 Ra8
44.R1c3 Nb5 45.Rc1 Nd4 46.Qd1 Qg5 47.R1c3 Qd8 48.Qg4 Qg5 49.Qxg5 hxg5 50.Rc7 Rba7
51.Nb6 Nb5 52.Nxa8 Rxa8 53.Rc8 Ra4 54.R3c4 d5 55.R4c5 Nd6 56.Rb8 Nxe4 57.Rcc8 g6
58.fxg6+ Kg7 59.Rg8+ Kf6 60.Rb6+  1-0

[Event "5th Arab Cities"]
[Site "Beirut LBN"]
[Date "2007.04.13"]
[Round "7"]
[White "Kassis,A LIB"]
[Black "Zozek,S"]
[Result "1/2-1/2"]
[WhiteElo "2223"]
[BlackElo "2204"]

1.e4 c5 2.Nf3 e6 3.d4 cxd4 4.Nxd4 a6 5.Bd3 Qc7 6.c4 Nc6 7.Nb3 Nf6 8.Nc3 b6
9.Qe2 Bb7 10.f4 d6 11.Be3 Nb4 12.Bb1 Be7 13.a3 Nc6 14.Bd3 Nd7 15.Rc1 Bh4+
16.g3 Bf6 17.O-O Nc5 18.Nxc5 dxc5 19.e5 Be7 20.Be4 O-O-O  1/2-1/2

[Event "FSIMA April"]
[Site "Budapest HUN"]
[Date "2007.04.13"]
[Round "7"]
[White "Farago,S"]
[Black "Schneider,Ve"]
[Result "1-0"]
[WhiteElo "2275"]
[BlackElo "2238"]

1.e4 c5 2.Nf3 e6 3.d4 cxd4 4.Nxd4 a6 5.Bd3 Bc5 6.Nb3 Be7 7.c4 d6 8.Nc3 Nf6
9.Be3 Nbd7 10.f4 b6 11.O-O Bb7 12.Qf3 Qc7 13.Rac1 O-O 14.Qh3 g6 15.Rc2 Bc6
16.Bd4 Qb7 17.Re2 Nc5 18.Nxc5 dxc5 19.Bf2 Rad8 20.Bc2 b5 21.e5 Nh5 22.Be3 b4
23.Nd1 Be4 24.Nf2 Bxc2 25.Rxc2 Rd7 26.b3 Rfd8 27.g4 Ng7 28.Qg2 Qc7 29.Ne4 Rd3
30.Re2 Ne8 31.Qf2 f5 32.exf6 Nxf6 33.Nxf6+ Bxf6 34.Bxc5 Bh4 35.Qxh4 Qxc5+
36.Qf2 R8d4 37.Rxe6 Rd2 38.Qe3  1-0

[Event "Reykjavik International"]
[Site "Reykjavik ISL"]
[Date "2007.04.13"]
[Round "3"]
[White "Lamoureux,C"]
[Black "Meijers,V"]
[Result "1-0"]
[WhiteElo "2360"]
[BlackElo "2485"]

1.e4 c5 2.Nf3 e6 3.d4 cxd4 4.Nxd4 a6 5.Bd3 Nf6 6.O-O d6 7.c4 Nbd7 8.Nc3 Qc7
9.Kh1 b6 10.f4 h5 11.Bd2 h4 12.Qe2 Be7 13.Rae1 Bb7 14.f5 Nf8 15.fxe6 fxe6
16.Nd5 exd5 17.exd5 Kf7 18.Ne6 Nxe6 19.Qxe6+ Ke8 20.Rxf6 gxf6 21.Qxf6 Rf8
22.Qg7 Kd8 23.Bg5 Re8 24.Rxe7 Qxe7 25.Bxe7+ Rxe7 26.Qf8+ Kd7 27.Bf5+  1-0

[Event "9th Open"]
[Site "Dubai UAE"]
[Date "2007.04.22"]
[Round "1"]
[White "Udeshi,A"]
[Black "Ghaem Maghami,E"]
[Result "0-1"]
[WhiteElo "2247"]
[BlackElo "2599"]

1.e4 c5 2.Nf3 e6 3.d4 cxd4 4.Nxd4 a6 5.Bd3 Nf6 6.O-O Qc7 7.Qe2 d6 8.c4 g6
9.Nc3 Bg7 10.Rd1 O-O 11.Nf3 Nc6 12.Bf4 Nd7 13.Rac1 Nde5 14.b3 Bd7 15.Bb1 Rfe8
16.h3 Rad8 17.Be3 Ne7 18.Nd4 Qb8 19.f4 N5c6 20.Nf3 Nc8 21.a4 N6e7 22.Qf2 b6
23.Qh4 f5 24.Qg3 fxe4 25.Bxe4 b5 26.cxb5 axb5 27.axb5 d5 28.Bb1 Bxb5 29.Nxb5 Qxb5
30.Nd4 Qd7 31.Qf3 Nd6 32.h4 Nef5 33.Nxf5 gxf5 34.h5 Rb8 35.Bc5 Kh8 36.b4 Rg8
37.Qe3 Rb7 38.Bd3 Ne4 39.Bxe4 fxe4 40.Qh3 h6 41.Re1 Qf7 42.Rf1 Qf5 43.Qxf5 exf5
44.Rfd1 Rd8 45.Bd4 Rxb4 46.Bxg7+ Kxg7 47.Rc7+ Kf6 48.Rc6+ Ke7 49.Rxh6 Rd6
50.Rh7+ Ke6 51.h6 e3 52.Rh8 Kf7 53.h7 Kg7 54.Re8 Kxh7 55.Rxe3 Rxf4 56.g3 Re4
57.Kf2 Kg6 58.Red3 d4 59.Kf3 Kf6 60.Ra1 Ke5 61.Ra4 Rc6 62.Ra5+ Ke6 63.Rb5 Rd6
64.Ra5 Rd5 65.Ra4 Ke5 66.Rc4 Ra5 67.Rc8 Kd5 68.Rc1 Rc5 69.Rcd1 Ra5 70.R1d2 Kc4
71.Rd1 Ra2  0-1

[Event "President's Cup Rapid"]
[Site "Ankara TUR"]
[Date "2007.04.28"]
[Round "3"]
[White "Haznedaroglu,K"]
[Black "Ulker,A"]
[Result "1-0"]
[WhiteElo "2440"]
[BlackElo "2156"]

1.e4 c5 2.Nf3 e6 3.d4 cxd4 4.Nxd4 a6 5.Bd3 Nc6 6.Nxc6 dxc6 7.Nd2 e5 8.O-O Bd6
9.Nc4 Bc7 10.a4 Be6 11.b3 Ne7 12.Bb2 f6 13.Qh5+ Bf7 14.Qg4 O-O 15.Rad1 Qc8
16.Be2 Qxg4 17.Bxg4 Rfd8 18.Ba3 Ng6 19.Nd6 Rab8 20.g3 Nf8 21.f4 exf4 22.gxf4 Be6
23.Bf3 Bh3 24.Bg2 Bxg2 25.Kxg2 Ng6 26.Kf3 Rd7 27.Rd3 Rbd8 28.Rfd1 b6 29.a5 b5
30.Bb4 Bb8 31.Nb7 Rxd3+ 32.cxd3 Rd4 33.Bc3 Rd7 34.Nc5 Ra7 35.f5 Ne5+ 36.Bxe5 Bxe5
37.Rc1 Bxh2 38.Ne6 Rd7 39.d4 Bc7 40.Rxc6 Bxa5 41.Rxa6 Bc3 42.Ke3 h5 43.Ra8+ Kf7
44.Rh8 Bb2 45.Rxh5 Bc1+ 46.Kd3 Ra7 47.Rh8 Ra2 48.Rb8 g5 49.Rb7+ Kg8 50.e5 g4
51.Rg7+  1-0

[Event "9th Open"]
[Site "Dubai UAE"]
[Date "2007.04.28"]
[Round "7"]
[White "Megaranto,S"]
[Black "Ghaem Maghami,E"]
[Result "1/2-1/2"]
[WhiteElo "2530"]
[BlackElo "2599"]

1.e4 c5 2.Nf3 e6 3.d4 cxd4 4.Nxd4 a6 5.Bd3 Nf6 6.O-O d6 7.c4 Be7 8.Nc3 O-O
9.Be3 Nc6 10.Rc1 Bd7 11.b3 Qa5 12.h3 Nxd4 13.Bxd4 b5 14.Qe2 b4 15.Nd1 Bc6
16.f4 Nd7 17.Bb1 e5 18.Be3 Qd8 19.Nf2 a5 20.Rcd1  1/2-1/2

[Event "Icaro Open"]
[Site "Mexico City MEX"]
[Date "2007.04.28"]
[Round "4"]
[White "Leon Hoyos,M"]
[Black "Venegas Ocampo,P"]
[Result "1-0"]
[WhiteElo "2454"]
[BlackElo "2225"]

1.e4 c5 2.Nf3 e6 3.d4 cxd4 4.Nxd4 a6 5.Bd3 Bc5 6.Nb3 Ba7 7.Qe2 Ne7 8.Be3 Bxe3
9.Qxe3 Nbc6 10.O-O d5 11.e5 Qc7 12.f4 Nb4 13.Nc3 Bd7 14.Rae1 Rc8 15.a3 Nbc6
16.Kh1 h5 17.Ne2 b5 18.c3 g6 19.Ned4 Na5 20.Nd2 Nc4 21.Bxc4 bxc4 22.N2f3 Rb8
23.Re2 Qb6 24.Qf2 Ba4 25.Rd2 Qd8 26.Ng5 Ng8 27.Qe3 Qe7 28.f5 h4 29.Qf3 Rh5
30.fxe6 Rxg5 31.exf7+ Kf8  1-0

[Event "President's Cup Rapid"]
[Site "Ankara TUR"]
[Date "2007.04.29"]
[Round "7"]
[White "Haznedaroglu,K"]
[Black "Yagiz,Y"]
[Result "1-0"]
[WhiteElo "2440"]
[BlackElo "2304"]

1.e4 c5 2.Nf3 e6 3.d4 cxd4 4.Nxd4 a6 5.Bd3 d6 6.O-O Nf6 7.c4 Be7 8.Nc3 O-O
9.b3 Bd7 10.Bb2 Nc6 11.Nc2 Qa5 12.Qe2 Rfe8 13.Rad1 Ne5 14.f4 Nxd3 15.Rxd3 Bc6
16.Nd4 Qb6 17.Kh1 Rad8 18.Nxc6 Qxc6 19.Rg3 g6 20.f5 exf5 21.exf5 Bf8 22.Qf2 Qc5
23.Qf3 Qc6 24.fxg6 Qxf3 25.gxf7+ Kxf7 26.Rgxf3 Bg7 27.Nd5  1-0

[Event "I Open Casino"]
[Site "Lugano SUI"]
[Date "2007.04.29"]
[Round "2"]
[White "Kogan,Ar"]
[Black "Erdelyi,T"]
[Result "1-0"]
[WhiteElo "2566"]
[BlackElo "2207"]

1.e4 c5 2.Nf3 e6 3.d4 cxd4 4.Nxd4 a6 5.Bd3 Bc5 6.Nb3 Be7 7.Qg4 g6 8.Qe2 d6
9.O-O Qc7 10.Na3 Nd7 11.Nc4 h5 12.f4 Ngf6 13.e5 dxe5 14.fxe5 Ng4 15.Bf4 g5
16.Bg3 Nc5 17.Qf3 Rf8 18.h3 h4 19.Qxg4 hxg3 20.Qxg3 Bd7 21.Nd6+ Bxd6 22.exd6 Qb6
23.Qe3 Na4 24.Qxb6 Nxb6 25.Be4 O-O-O 26.Na5 Bc6 27.Bxc6 bxc6 28.Rad1 Nd5
29.Nxc6 Rxd6 30.Ne7+ Kd7 31.Ng6 Rg8 32.Ne5+  1-0

[Event "I Open Casino"]
[Site "Lugano SUI"]
[Date "2007.05.01"]
[Round "5"]
[White "Botta,Ga"]
[Black "Malakhatko,V"]
[Result "0-1"]
[WhiteElo "1948"]
[BlackElo "2598"]

1.e4 c5 2.Nf3 e6 3.d4 cxd4 4.Nxd4 a6 5.Bd3 Nc6 6.Be3 Nf6 7.O-O Qc7 8.Nd2 Be7
9.c4 d6 10.Rc1 O-O 11.a3 Ne5 12.Be2 Ng6 13.f4 e5 14.fxe5 dxe5 15.Nf5 Bc5
16.b4 Bxe3+ 17.Nxe3 Be6 18.Nd5 Bxd5 19.exd5 Rad8 20.Qb3 Nf4 21.Qe3 b5 22.g3 Nxe2+
23.Qxe2 bxc4 24.Rxf6 gxf6 25.Rxc4 Qb6+ 26.Kg2 Rxd5 27.Qg4+ Kh8 28.Ne4 f5
29.Qxf5 Qg6 30.Qf2 Rfd8 31.Qe3 Rd4 32.Rxd4 exd4 33.Qd3 Kg8 34.a4 Re8  0-1

[Event "5th Rapid"]
[Site "Brussels BEL"]
[Date "2007.05.06"]
[Round "11"]
[White "Habu,Y"]
[Black "Akesson,R"]
[Result "1-0"]
[WhiteElo "2404"]
[BlackElo "2478"]

1.e4 c5 2.Nf3 e6 3.d4 cxd4 4.Nxd4 a6 5.Bd3 Bc5 6.Nb3 Be7 7.O-O d6 8.Qg4 g6
9.Qe2 Nd7 10.c4 b6 11.Nc3 Qc7 12.f4 Bb7 13.Bd2 Ngf6 14.Rae1 h5 15.f5 gxf5
16.exf5 e5 17.Nd5 Nxd5 18.cxd5 Nf6 19.Rc1 Qd7 20.Bg5 Nxd5 21.f6 Bd8 22.Nd4 Qg4
23.Qxg4 hxg4 24.Nf5 Kd7 25.Ng7 Bc7 26.Bf5+ Kd8 27.Ne6+ fxe6 28.Bxe6 Rf8 29.f7+ Ne7
30.Rxc7 Kxc7 31.Bxe7 Bc6 32.Rf6 Rad8 33.Rg6 Bd7 34.Bb3 d5 35.Bxd5 Bb5 36.Bxf8  1-0

[Event "TCh-RUS HL"]
[Site "Sochi RUS"]
[Date "2007.05.09"]
[Round "7"]
[White "Chebotarev,O"]
[Black "Evdokimov,Alexa"]
[Result "1-0"]
[WhiteElo "2514"]
[BlackElo "2530"]

1.e4 c5 2.Nf3 e6 3.d4 cxd4 4.Nxd4 a6 5.Bd3 Bc5 6.Nb3 Ba7 7.Qg4 Nf6 8.Qg3 d6
9.Nc3 Nc6 10.a3 Nd4 11.Nxd4 Bxd4 12.Ne2 Ba7 13.Bd2 e5 14.O-O-O Be6 15.f4 Nh5
16.Qf3 Nxf4 17.Nxf4 exf4 18.Bxf4 Bd4 19.Bb5+ axb5 20.Rxd4 O-O 21.Bxd6 Qg5+
22.Kb1 Rfc8 23.h4 Qg4 24.Qxg4 Bxg4 25.b3 Ra6 26.Kb2 Rac6 27.Rc1 h5 28.Bf4 Be6
29.Rb4 Bd7 30.g3 f6 31.a4 bxa4 32.Rxb7 Be8 33.bxa4 Ra6 34.e5 Bxa4 35.exf6 Rxf6
36.Be5 Rf7 37.Rxf7 Kxf7 38.c4 g6 39.Kc3 Bb5 40.Kb4 Ba6 41.c5 Rc6 42.Bd6 Ke6
43.Re1+ Kf5 44.Re8 Rc8 45.Re7 Bd3 46.Bc7 Kf6 47.Rd7 Bf5 48.c6 g5 49.Kb5 gxh4
50.gxh4 Rg8 51.Rd2 Rg1 52.Ba5 Re1 53.c7 Ke5 54.Rd8 Bg4 55.Bb4 Bh3 56.Bc5 Kf4
57.Rf8+ Kg3 58.Rg8+ Kf3 59.Kc6 Re4 60.Rf8+ Kg2 61.Rd8 Be6 62.Rd4 Re3 63.Rd6 Bc8
64.Rd5 Kh3 65.Rxh5 Kg4 66.Rh8 Bf5 67.Rf8 Be4+ 68.Kb6 Rb3+ 69.Bb4  1-0

[Event "25th Liechtenstein Open"]
[Site "Triesen LIE"]
[Date "2007.05.12"]
[Round "2"]
[White "Hommeles,T"]
[Black "Bellin,J"]
[Result "1-0"]
[WhiteElo "2386"]
[BlackElo "2142"]

1.e4 c5 2.Nf3 e6 3.d4 cxd4 4.Nxd4 a6 5.Bd3 Nf6 6.O-O d6 7.Kh1 Qc7 8.f4 Nbd7
9.Be3 Be7 10.Nd2 O-O 11.g4 Nc5 12.g5 Nfd7 13.Qh5 g6 14.Qh6 Re8 15.Rf3 Bf8
16.Qh4 Bg7 17.f5 Nxd3 18.cxd3 exf5 19.exf5 Be5 20.f6 h5 21.gxh6 Bxd4 22.h7+ Kh8
23.Bxd4  1-0

[Event "25th Liechtenstein Open"]
[Site "Triesen LIE"]
[Date "2007.05.13"]
[Round "3"]
[White "Jaracz,P"]
[Black "Jahn,C"]
[Result "1-0"]
[WhiteElo "2490"]
[BlackElo "2198"]

1.e4 c5 2.Nf3 e6 3.d4 cxd4 4.Nxd4 a6 5.Bd3 Bc5 6.Nb3 Ba7 7.O-O Nc6 8.c4 Nge7
9.Nc3 d6 10.Kh1 e5 11.Qe2 O-O 12.Be3 Bxe3 13.Qxe3 f5 14.exf5 Bxf5 15.Rad1 Qe8
16.Ne4 Rd8 17.Be2 Nc8 18.Rd2 Bxe4 19.Qxe4 Rf4 20.Qe3 Kh8 21.g3 Rf8 22.Bf3 Qf7
23.Bd5 Qf5 24.Qe4 Qh3 25.Qg2 Qg4 26.Qe4 Qh3 27.Qe2 Rde8 28.Bg2 Qf5 29.Qe4 Qf6
30.Rfd1 g5 31.Qg4 h6 32.Be4 Qf7 33.c5 dxc5 34.Nxc5 Nd4 35.h4 Nd6 36.hxg5 Nxe4
37.Nxe4 Qg6 38.Kg2 h5 39.Rh1 Kg7 40.Rxh5 Rf4 41.gxf4 Qxe4+ 42.f3  1-0

[Event "Grand Prix Open"]
[Site "Galatzi ROM"]
[Date "2007.05.15"]
[Round "9"]
[White "Lupulescu,C"]
[Black "Manolache,M"]
[Result "0-1"]
[WhiteElo "2565"]
[BlackElo "2504"]

1.e4 c5 2.Nf3 e6 3.d4 cxd4 4.Nxd4 a6 5.Bd3 d6 6.O-O g6 7.c4 Bg7 8.Nc2 Nf6
9.Nc3 O-O 10.Be2 Nc6 11.Bf4 Ne8 12.Qd2 b6 13.Rfd1 Ne5 14.Bh6 Bxh6 15.Qxh6 f5
16.exf5 gxf5 17.Rd4 Ra7 18.f4 Ng6 19.Qh3 Rg7 20.Qe3 Kh8 21.g3 e5 22.fxe5 f4
23.Qd2 fxg3 24.hxg3 Nxe5 25.Qe3 Nf3+ 26.Bxf3 Rxg3+ 27.Kf2 Rfxf3+ 28.Qxf3 Rxf3+
29.Kxf3 Qf6+ 30.Ke3 Bf5 31.Ne4 Qh6+  0-1

[Event "ch-USA"]
[Site "Stillwater USA"]
[Date "2007.05.16"]
[Round "2"]
[White "Sevillano,E"]
[Black "Stripunsky,A"]
[Result "0-1"]
[WhiteElo "2493"]
[BlackElo "2569"]

1.e4 c5 2.Nf3 e6 3.d4 cxd4 4.Nxd4 a6 5.Bd3 Ne7 6.O-O Nbc6 7.Be3 Nxd4 8.Bxd4 Nc6
9.Bc3 b5 10.a3 e5 11.Nd2 Be7 12.f4 d6 13.Nf3 Bf6 14.Qe1 Bb7 15.Kh1 exf4 16.e5 dxe5
17.Nxe5 Nxe5 18.Bxe5 O-O 19.Bxf4 Qd5 20.Qg3 Bxb2 21.Rad1 Qh5 22.Rb1 Bd4 23.a4 Bc6
24.Bd6 Rfd8 25.Rb4 Rxd6 26.Qxd6 Be5 27.Rh4 Bxg2+  0-1

[Event "16th TCh-CRO"]
[Site "Sibenik CRO"]
[Date "2007.05.19"]
[Round "3"]
[White "Palac,M"]
[Black "Loncar,R"]
[Result "1/2-1/2"]
[WhiteElo "2568"]
[BlackElo "2433"]

1.e4 c5 2.Nf3 e6 3.d4 cxd4 4.Nxd4 a6 5.Bd3 Nf6 6.O-O d6 7.c4 Nbd7 8.Nc3 b6
9.a4 Ne5 10.Be2 Qc7 11.a5 Bd7 12.axb6 Qxb6 13.Be3 Qc7 14.b3 Be7 15.f4 Nc6
16.Bf3 O-O 17.Rc1 Nxd4 18.Qxd4 e5 19.Qd3 Rab8 20.Nd5 Nxd5 21.exd5 exf4 22.Bxf4 Qb6+
23.Rf2 Qxb3  1/2-1/2

[Event "25th Liechtenstein Open"]
[Site "Triesen LIE"]
[Date "2007.05.19"]
[Round "9"]
[White "Jaracz,B"]
[Black "Hoffmann,Mi1"]
[Result "0-1"]
[WhiteElo "2273"]
[BlackElo "2473"]

1.e4 c5 2.Nf3 e6 3.d4 cxd4 4.Nxd4 a6 5.Bd3 Nf6 6.O-O d6 7.c4 b6 8.Nc3 Bb7
9.Qe2 Be7 10.Bd2 O-O 11.Rae1 Qc7 12.f4 Nc6 13.Nxc6 Bxc6 14.Kh1 Rfe8 15.e5 Nd7
16.exd6 Bxd6 17.Ne4 Bxe4 18.Qxe4 g6 19.Qf3 a5 20.a3 Bf8 21.Bc3 Bg7 22.Bxg7 Kxg7
23.Be4 Rac8 24.Bb7 Rcd8 25.Bc6 Rf8 26.Bxd7 Rxd7 27.Qc3+ Kg8 28.b4 Rfd8 29.bxa5 bxa5
30.Rf3 Rd4 31.f5 Rxc4 32.Qe3 exf5 33.Rxf5 Rc3 34.Qh6 Rc5 35.Rxc5 Qxc5 36.Qh4 Qd4
37.Qg3 Rc8 38.h3 Rc3 39.Qb8+ Kg7 40.a4 Rc4 41.Qe8 Qf4 42.Kg1 Rxa4 43.Rf1 Ra1  0-1

[Event "1st WCh-Team Women"]
[Site "Ekaterinburg RUS"]
[Date "2007.05.20"]
[Round "1"]
[White "Andriasian,S"]
[Black "Vasilevich,T"]
[Result "1/2-1/2"]
[WhiteElo "2252"]
[BlackElo "2383"]

1.e4 c5 2.Nf3 e6 3.d4 cxd4 4.Nxd4 a6 5.Bd3 Nc6 6.Nxc6 dxc6 7.O-O e5 8.Nd2 Bc5
9.Nc4 Qe7 10.a4 Nf6 11.Bd2 Bg4 12.Qb1 O-O 13.b4 Bd4 14.c3 Ba7 15.Ne3 Rfd8
16.Ra2 Be6 17.Rb2 b5 18.a5 Rd7 19.Be2 Qd8 20.Bc1 Rb8 21.Kh1 c5 22.f4 exf4
23.e5 cxb4 24.Rxb4 Nd5 25.Nxd5 Rxd5 26.Bxf4 Bc5 27.Rb2 Qxa5 28.c4 Rd7 29.cxb5 Ba3
30.Rb3 axb5 31.Rxb5 Rxb5 32.Qxb5 Qxb5 33.Bxb5 Rb7 34.Bc6 Rb6 35.Bf3 Bf5 36.Rd1 Rb1
37.Rxb1 Bxb1 38.Kg1 Kf8 39.Kf2 Ke7 40.Bd5 h6 41.h4 Bf5 42.Kf3  1/2-1/2

[Event "50th TCh-SRB Cup"]
[Site "Mataruska Banja SRB"]
[Date "2007.05.21"]
[Round "1"]
[White "Adzic,M"]
[Black "Solak,D"]
[Result "0-1"]
[WhiteElo "2253"]
[BlackElo "2575"]

1.e4 c5 2.Nf3 e6 3.d4 cxd4 4.Nxd4 a6 5.Bd3 Nc6 6.Nxc6 dxc6 7.O-O e5 8.Nd2 Nf6
9.Nc4 Bg4 10.Qe1 Nd7 11.f4 Be6 12.Kh1 f6 13.fxe5 Bxc4 14.Bxc4 Nxe5 15.Bb3 Qc7
16.Bf4 Bd6 17.Rd1 O-O-O 18.Qf2 Kb8 19.h3 Ng6 20.Be3 Qe7 21.Rd4 Bc7 22.Rfd1 Rxd4
23.Rxd4 Bb6 24.Ra4 Bxe3 25.Qxe3 Ne5 26.c3 Rd8 27.Rd4 Rd6 28.Bg8 h5 29.b4 g5
30.a4 Ng6 31.b5 axb5 32.axb5 cxb5 33.Rd5 Nf4 34.Rxb5 Rd3 35.Qe1 Qd7 36.Rb1 Nxg2
37.Qg1 Nf4  0-1

[Event "3rd UKR Games Men"]
[Site "Evpatoria UKR"]
[Date "2007.05.22"]
[Round "2"]
[White "Kravtsiv,M"]
[Black "Tukhaev,A"]
[Result "1-0"]
[WhiteElo "2448"]
[BlackElo "2466"]

1.e4 c5 2.Nf3 e6 3.d4 cxd4 4.Nxd4 a6 5.Bd3 Bc5 6.Nb3 Be7 7.Nc3 d6 8.f4 Nf6
9.Qf3 Nbd7 10.Be3 Qc7 11.O-O b5 12.Qg3 Bb7 13.a3 O-O 14.Rae1 Rfe8 15.Qh3 Nf8
16.Nd4 Rac8 17.Kh1 Red8 18.Bg1 g6 19.f5 e5 20.Nf3 Nh5 21.Be3 Bf6 22.Qg4 Bg7
23.Ng5 Nf6 24.Qh3 Qd7 25.fxg6 fxg6 26.Qh4 Ne6 27.Nd5 Bxd5 28.exd5 Nxg5 29.Bxg5 Nxd5
30.Bxd8 Qxd8 31.Qg4 Qe8 32.a4 Nf6 33.Qh4 Qe6 34.axb5 axb5 35.Qb4 d5 36.Qb3 e4
37.Bxb5 Qe5 38.Ba6 Rb8 39.Qc3 Qd6 40.Be2 Ng4 41.Qh3 Ne5 42.b3 h5 43.Bd1 Kh7
44.Qg3 Qb6 45.c4 Nd3 46.Re2 Bd4 47.Bc2 dxc4 48.Rxe4 Nf2+ 49.Rxf2 Bxf2 50.Re7+ Kg8
51.Qe5 Bd4 52.Qd5+ Kh8 53.Qf7  1-0

[Event "3rd UKR Games Women"]
[Site "Evpatoria UKR"]
[Date "2007.05.22"]
[Round "3"]
[White "Matjushina,Z"]
[Black "Ivanenko,O1"]
[Result "1/2-1/2"]
[WhiteElo "2179"]
[BlackElo "2130"]

1.e4 c5 2.Nf3 e6 3.d4 cxd4 4.Nxd4 a6 5.Bd3 Qc7 6.Qe2 d6 7.b3 Nf6 8.Bb2 Nbd7
9.c4 g6 10.O-O Bg7 11.Kh1 O-O 12.f4 e5 13.fxe5 Nxe5 14.Nc3 Bg4 15.Qd2 Rfe8
16.Rae1 Qd7 17.Be2 Be6 18.Bd1 Rad8 19.a4 Qc7 20.Nde2 Bxc4 21.bxc4 Nxc4 22.Qc2 Ne3
23.Qb3 Nxf1 24.Rxf1 Nxe4 25.Nxe4 Rxe4 26.Bxg7 Kxg7 27.Qb2+ Kg8 28.Bb3 d5
29.Qd2 Re5 30.Nf4 Qd6 31.Rd1 d4 32.Kg1 Rf5 33.g3 Kg7 34.Bc2 Rc5 35.Rc1 Rd7
36.Rd1 Qc7 37.Bb3 Qb6 38.Rb1 Qd6 39.Rd1 Qb6 40.Rb1 Qd6 41.Rd1  1/2-1/2